| 000 | 00915nam a2200277Ia 4500 | ||
|---|---|---|---|
| 001 | 21901 | ||
| 005 | 20260320113323.0 | ||
| 008 | 260320s9999||||xx |||||||||||||| ||und|| | ||
| 020 | _a9786074816341 | ||
| 041 | _aESP | ||
| 082 |
_a658.1 _bR76 |
||
| 100 |
_aRodríguez Valencia, Joaquín, _eAUT |
||
| 245 | 0 |
_aCómo elaborar y usar los manuales administrativos _b |
|
| 246 |
_a _5 _b |
||
| 250 | _aCuarta edición | ||
| 260 |
_a[México, D. F.] : _bCengage Learning, _c[2012] |
||
| 300 |
_a184 páginas : _bcuadros ; _c25 cm. _e |
||
| 440 |
_a _n _v |
||
| 500 | _aNo tiene portada / Datos extraídos de Worldcat | ||
| 650 | _aTCA | ||
| 653 | _aOrganización empresarial; Manuales administrativos | ||
| 654 | _aCAN | ||
| 700 |
_a _c |
||
| 856 |
_uhttps://0u213lqza-y-https-ebooks7--24-com.itmsp.museknowledge.com/stage.aspx?il=&pg=&ed= _zVéase además: Base de datos Ebook7-24 |
||
| 942 |
_cLIB _dJUS _fMAT _2ddc _n |
||
| 999 |
_c21901 _d21901 |
||